Statistiken für Länder, die an Nordmazedonien grenzen

Klicken Sie hier um das Quiz zu spielen!

Allgemein

  • Dieses Quiz wurde 63 mal gespielt
  • Das Durchschnittsergebnis liegt bei 5 aus 5

Antwortstatistiken

Land% Korrekt
Albanien
100%
Kosovo
100%
Serbien
98%
Griechenland
96%
Bulgarien
95%

Verteilung der Resultate

Perzentil nach korrekt beantworteten Fragen

Anzahl Personen mit jedem Resultat

Ihre Resultats-Entwicklung

Sie haben dieses Quiz noch nicht gespielt